Ciudades a la deriva. 1, El círculo : Jerusalén /
Guardat en:
| Autor principal: | |
|---|---|
| Altres autors: | |
| Format: | Electrònic eBook |
| Idioma: | espanyol grec |
| Publicat: |
México, D.F. :
Fondo de Cultura Económica,
2022.
|
| Edició: | Primera edición en libro electrónico. |
| Col·lecció: | Colección popular (Fondo de Cultura Económica (Mexico));
832. |
| Matèries: | |
| Accés en línia: | Digitalia Hispánica |
| Etiquetes: |
Afegir etiqueta
Sense etiquetes, Sigues el primer a etiquetar aquest registre!
|
MARC
| LEADER | 00000nam a2200000 i 4500 | ||
|---|---|---|---|
| 001 | DIGFCE2249 | ||
| 003 | NyNyDIG | ||
| 006 | m o d | ||
| 007 | cr ||||||||||| | ||
| 008 | 240601t20222021mx ob 000 f spa d | ||
| 035 | |a (OCoLC)1439424583 | ||
| 040 | |a DGITA |b eng |e rda |e pn |c DGITA | ||
| 020 | |a 9786071673787 |q (ePub) | ||
| 020 | |z 9786071672339 |q (rústica) | ||
| 041 | 1 | |a spa |h gre | |
| 050 | 1 | 4 | |a PA5631.S567 ebook |
| 100 | 1 | |a Tsirkas, Stratēs, |e author. | |
| 240 | 1 | 0 | |a Cités à la dérive. |l Spanish |s (López López) |
| 245 | 1 | 0 | |a Ciudades a la deriva. |n 1, |p El círculo : Jerusalén / |c Stratís Tsirkas ; traducción Aurora Esperanza López López. |
| 246 | 3 | |a Círculo : |b Jerusalén | |
| 250 | |a Primera edición en libro electrónico. | ||
| 264 | 1 | |a México, D.F. : |b Fondo de Cultura Económica, |c 2022. | |
| 264 | 4 | |c ©2021 | |
| 300 | |a 1 online resource. | ||
| 336 | |a text |b txt |2 rdacontent | ||
| 337 | |a computer |b c |2 rdamedia | ||
| 338 | |a online resource |b cr |2 rdacarrier | ||
| 347 | |a text file |2 rdaft | ||
| 347 | |b EPUB | ||
| 347 | |b PDF | ||
| 490 | 1 | |a Colección popular ; |v 832 | |
| 504 | |a Includes bibliographical references. | ||
| 588 | 0 | |a Online resource; title from PDF title page (Digitalia, viewed June 1, 2024) | |
| 655 | 7 | |a Fiction. |2 lcgft | |
| 700 | 1 | |a López López, Aurora, |e translator. | |
| 700 | 1 | |i Translation of: |a Tsirkas, Stratēs. |t Cités à la dérive. | |
| 776 | 0 | 8 | |i Print version: |a Tsirkas, Stratēs. |s Cités à la dérive. Spanish (López López). |t Ciudades a la deriva. 1, El círculo : Jerusalén. |b Primera edición. |d México, D.F. : Fondo de Cultura Económica, 2021 |z 9786071672339 |
| 791 | 2 | |a Digitalia (Firm), |e distributor. | |
| 793 | 0 | |g Digitalia eBook Collection: |a Fondo de Cultura Económica | |
| 830 | 0 | |a Colección popular (Fondo de Cultura Económica (Mexico)); |v 832. | |
| 856 | 4 | 0 | |3 Digitalia Hispánica |u https://digitalia.unach.elogim.com/a/119918/ |
| 910 | |a Premium collection: 2024 | ||